| 000 | 00493nam a2200145Ia 4500 | ||
|---|---|---|---|
| 008 | 190228s9999 xx 000 0 und d | ||
| 020 | _a9781259155113 | ||
| 100 | _aPalmer, Ian. | ||
| 245 |
_cIan Palmer, Richard Dunford, David A. Buchanan.-- _aManaging organizational change : _ba multiple perspectives approach / |
||
| 250 | _a3rd ed | ||
| 260 |
_aUSA : _bMcGraw-Hill _c2017 |
||
| 300 | _axii, 451 pages. | ||
| 650 | _aOrganizational change -- Management. | ||
| 650 | _aOrganizational change. | ||
| 999 |
_c361305 _d361305 |
||